Drugs in american society

Goode's Drugs in American Society 5/e is a well-respected, brief investigation of the full range of psychoactive drug use; from legal, medical and perscription use to criminal, recreational use and from casual use to addiction. Objective pro and con accounts on important issues like treatment,...

Volledige beschrijving

Bewaard in:
Bibliografische gegevens
Hoofdauteur: Goode, Erich
Formaat: Boek
Taal:Undetermined
Gepubliceerd in: Boston McGraw-Hill College 1999
Onderwerpen:
Tags: Voeg label toe
Geen labels, Wees de eerste die dit record labelt!
Thư viện lưu trữ: Trung tâm Học liệu Trường Đại học Cần Thơ
LEADER 01050nam a2200205Ia 4500
001 CTU_116710
008 210402s9999 xx 000 0 und d
082 |a 362.290973 
082 |b G647 
100 |a Goode, Erich 
245 0 |a Drugs in american society 
245 0 |c Erich Goode 
260 |a Boston 
260 |b McGraw-Hill College 
260 |c 1999 
520 |a Goode's Drugs in American Society 5/e is a well-respected, brief investigation of the full range of psychoactive drug use; from legal, medical and perscription use to criminal, recreational use and from casual use to addiction. Objective pro and con accounts on important issues like treatment, education, rehabilitation, and legalization give students a thorough understanding of the topics. The new fifth edition continues to provide the most balanced and up-to-date coverage in an accessible, engaging style. 
650 |a Drug abuse,Drug utilization 
650 |z United states,United states 
904 |i Giang 
980 |a Trung tâm Học liệu Trường Đại học Cần Thơ